Κατάλογος Βιβλιοθηκών Mediterranean College

Λογιστική / Γενικές Αρχές: Πέμπτη Έκδοση Βελτιωμένη (Record no. 4282)

MARC details
000 -LEADER
fixed length control field 02290cam a22001814a 4500
005 - ΗΜΕΡΟΜΗΝΙΑ ΚΑΙ ΩΡΑ ΤΕΛΕΥΤΑΙΑΣ ΕΝΗΜΕΡΩΣΗΣ
Πεδίο ελέγχου 20250605164141.0
008 - FIXED-LENGTH DATA ELEMENTS--GENERAL INFORMATION
Πεδίο ελέγχου σταθερού μήκους 250528s ||||||||||||||||||||||||d
035 ## - SYSTEM CONTROL NUMBER
System control number 18990
040 ## - ΠΗΓΗ ΚΑΤΑΛΟΓΟΓΡΑΦΗΣΗΣ
Φορέας πρωτότυπης καταλογογράφησης MC Athens Campus Library
Γλώσσα καταλογογράφησης Ελληνικά, Μοντέρνα (1453-)
Modifying agency MC Athens Campus Library
Κανόνες περιγραφικής καταλογογράφησης AACR2
245 1# - ΤΙΤΛΟΣ ΚΑΙ ΔΗΛΩΣΗ ΥΠΕΥΘΥΝΟΤΗΤΑΣ
Τίτλος Λογιστική / Γενικές Αρχές: Πέμπτη Έκδοση Βελτιωμένη
260 ## - PUBLICATION, DISTRIBUTION, ETC.
Name of publisher, distributor, etc. Αθήνα,
Date of publication, distribution, etc. 1986
300 ## - PHYSICAL DESCRIPTION
Extent 368
520 ## - SUMMARY, ETC.
Summary, etc. Το νέο Περίγραμμα της Γενικής Λογιστικής Ι και ΙΙ των Τ. Ε. Ι./ Το Ελληνικό Γενικό Λογιστικό Σχέδιο, Η Λογιστική και οι Ηλεκτρονικοί Υπολογιστές, Αριθμοδείκτες που φανερώνουν την Στατική και Δυναμική Εικόνα της Επιχειρήσης - ΕΟΚ και Λογιστική. Πρόλογος, Εισαγωγή στην Έννοια της Επιχείρησης και της Λειτουργίας, Η Λογιστική και τα Οικονομικά Γεγονότα και οι Μεταβολές του Ισολογισμού, Οι Μετασχηματισμοί της Περιουσίας και η Παρακολούθηση Αυτών, Οι Λογαριασμοί Ειδικότερα, Τα Λογιστικά Βιβλία και τα Στοιχεία, Εργασίες Τέλους Χρήσης και Σύνταξη Ισολογισμού Λήξης, Εσωτερικός και Ταμειακός Έλεγχος, Λογιστική των Γραμματίων και των Τόκων, Λογιστική των Μισθών και των Ημερομισθίων, Λογιστικά Συστήματα, Ανασκόπηση Βασικής Λογιστικής Θεωρίας και Διαδικασιών, Η Λογιστική των Επενδύσεων, Λογιστική Υποκαταστημάτων, Η Πρόοδος της Λογιστικής από τους Ηλεκτρονικούς Υπολογιστές, Αριθμοδείκτες που Φανερώνουν τη Στατική και Δυναμική Εικόνα της Επιχείρησης, Τα Λογιστικά Στοιχεία.
700 1# - ΠΡΟΣΘΕΤΗ ΑΝΑΓΡΑΦΗ--ΦΥΣΙΚΟ ΠΡΟΣΩΠΟ
Personal name Κοτίτσα Μιχάλη
9 (RLIN) 5271
942 ## - ADDED ENTRY ELEMENTS (KOHA)
Koha item type Books
Holdings
Τύπος τεκμηρίου Βιβλιοθήκη Τρέχουσα τοποθεσία Barcode Αριθμός εισαγωγής Ημερομηνία απόκτησης Ταξιθετικό σύμβολο Αριθμός αντιτύπου Κατάσταση απόσυρσης Κατάσταση χαμένου Κατάσταση κατεστραμμένου Μη δανεισμός Σύνολο δανεισμών Ημερομηνία τελευταίας εμφάνισης Η τιμή ισχύει από
Books MC Athens Campus Library MC Athens Campus Library 9780000042811 3922 05/06/2025 657 ΚΟΤ 1           05/06/2025 05/06/2025

MC Athens Campus Library
Πατησίων 94 & Κοδριγκτώνος 13, 104 34
Πελλήνης 8 & Πατησίων 107, 112 51
Τ: +30 210 8899600

MC Thessaloniki Campus Library
Ίωνος Δραγούμη 21, 54625 | Ίωνος Δραγούμη 15, 54625
Τ: +30 2310 287779 – Τ: +30 2314 440300